Synthesis and Reactivity of Michael Acceptors Derived from 1-Benzazepine-2,5-dione

Gespeichert in:
Bibliographische Detailangaben
1. Verfasser: Pecárová, Kristína (Verfasst von)
Weitere Verfasser: Caletková, Oľga (Betreuung Doktorarbeit)
Format: Manuskript Buch
Sprache:Slowakisch
Englisch
Veröffentlicht: 2025
Schlagworte:
Online-Zugang:http://is.stuba.sk/zp/portal_zp.pl?podrobnosti=185694
Tags: Tag hinzufügen
Keine Tags, Fügen Sie das erste Tag hinzu!

MARC

LEADER 00000ntm a22000003a 4500
001 stuzp104786
003 SK-STU
005 20250607210825.3
007 ta
008 150427s2015----xo-----f-mn---000-0-slo-d
040 |a STU  |b slo 
041 0 |a eng 
100 1 |a Pecárová, Kristína  |u 048140  |4 aut  |U FCHPT Ústav organickej chémie, katalýzy a petrochémie  |T FCHPT Oddelenie organickej chémie  |X 112280  |U C8140  |Y 124  |7 112280 
242 0 1 |a Syntéza a reaktivita Michaelových akceptorov odvodených od 1-benzazepín-2,5-diónu  |y slo 
245 1 0 |a Synthesis and Reactivity of Michael Acceptors Derived from 1-Benzazepine-2,5-dione 
260 |c 2025 
650 4 |a MRSA  |2 eng 
650 4 |a 4-EWG substituted analogs of 1-benzoazepine-2,5-dione  |2 eng 
650 4 |a α,α,β-EWG substituted Michael acceptors  |2 eng 
650 4 |a hetero-Michael addition  |2 eng 
650 4 |a MRSA  |2 slo 
650 4 |a 4-EWG substituované analógy 1-benzazepín-2,5-diónu  |2 slo 
650 4 |a α,α,β-EWG substituované Michaelove akceptory  |2 slo 
650 4 |a hetero-Michaelova adícia  |2 slo 
700 1 |a Caletková, Oľga  |u 048140  |k Z1  |4 ths  |U FCHPT Ústav organickej chémie, katalýzy a petrochémie  |T FCHPT Oddelenie organickej chémie  |X 25498  |U C8140  |Y 124  |7 A000025498 
856 4 |u http://is.stuba.sk/zp/portal_zp.pl?podrobnosti=185694